=LDR 00000nam 2200000 4500 =001 INLIS000000000056249 =005 20200825021202 =035 ##$$a 0010-0820000390 =007 ta =008 200825################g##########0#ind## =082 ##$$a 2x4.301 =084 ##$$a 2x4.301 MA' m =100 1#$$a Ma'az, Nabil Hamid =245 1#$$a Menjalin cinta yang suci /$c Nabil Hamid Al-Ma'az =250 ##$$a cet. 1 =260 ##$$a Bandung :$b Mujahid,$c 2003 =300 ##$$a 112 hlm., ; $c 11 x 18 cm =600 #4$$a Islam =990 ##$$a 07940794 =990 ##$$a 2033149